00410nam a2200157Ia 4500003000400000008004100004040001600045082001300061100001800074245005800092260003000150300001000180490002500190650001500215650002200230GCL140319s9999 xx 000 0 eng d aGCL / cGCL04a843bB F1 aBERTIN, CELIA10aLA FEMME A VIENNE AN TEMPS DE FREUD / cBERTIN, CELIA a[S.N] : bSTOCK ، c1994 a409 P aLE LIVRE DE POCHEv004aLITERATURE04aFRENCH LITERATURE